000 01426cam a2200361 a 4500
999 _c174394
_d174394
001 12960381
003 Nust
005 20180730092831.0
008 021008s2003 nyu d 000 1 eng
010 _a 2002028335
020 _a9781408804469 (alk. paper)
_cRs. 620
038 _aArshad
040 _aDLC
_cDLC
_dDLC
042 _alcac
050 0 0 _aPZ7.C9295
_bDar 2003
082 0 0 _a823
_bCUR
100 1 _aCurley, Marianne.
_912114
245 1 4 _aThe dark /
_cby Marianne Curley.
250 _a1st U.S. ed.
260 _aNew York :
_bBloomsbury,
_c2003.
300 _a333 p. ;
_c21 cm.
490 1 _aGuardians of time ;
_v2
500 _aSequel to: The named.
520 _aWhen their 600-year-old mentor Arkarian is captured by the evil Marduke and banished to the underworld, sixteen-year-old Ethan and his apprentice Isabel risk everything to save him.
650 1 _aSpace and time
_vFiction.
_911071
650 1 _aFantasy.
_97601
800 1 _aCurley, Marianne.
_tGuardians of time ;
_v2.
_912115
856 4 2 _3Contributor biographical information
_uhttp://www.loc.gov/catdir/bios/hol053/2002028335.html
856 4 2 _3Publisher description
_uhttp://www.loc.gov/catdir/description/hol041/2002028335.html
906 _a7
_bcbc
_corignew
_d1
_eocip
_f20
_gy-gencatlg
942 _2ddc
_cBK